| 000 | 00878nas a2200265 4500 | ||
|---|---|---|---|
| 001 | BR0808220 | ||
| 003 | BR-BrBNA | ||
| 005 | 20231205112822.0 | ||
| 007 | ta | ||
| 008 | 230509b bl.|||p| |||| 00| 00por d | ||
| 040 |
_aBR-BrBNA _bpor _cBiblioteca Nacional de Agricultura |
||
| 041 | _a(Pt) | ||
| 072 | _aL70; L73 | ||
| 100 | 1 | _aBelém, P.A.D. | |
| 100 | 1 | _aOliveira, M.R. de | |
| 100 | 1 | _aPadovan, C.R. | |
| 245 | 1 | _aAdaptação da técnica de Dennis, Stone a Swanson para diagnóstico copro-parasiológico de infecção natural por Eurytreme sp em bovinos | |
| 650 | _aBOVINO | ||
| 650 | _aVETERINÁRIA | ||
| 650 | _aPARASITO | ||
| 650 | _aINFECÇÃO | ||
| 773 | 0 |
_tBrazilian Journal of Veterinary Research and Animal Science (Brazil) _xISSN 1413-9596 _g(1992), v. 29(2) p. 304-307 _wBR0808220 |
|
| 909 |
_a202311 _bLúcia _c55 _dLúcia Elande |
||
| 942 |
_2AGRIS _n0 _cANA |
||
| 999 |
_c200179 _d200179 |
||